000 00746nam a2200205 a 4500
001 000040145
005 20201002033938.0
008 130808s1986 cu 000 p spa d
040 _aDO-SdBNP
_bspa
_cBNPHU
082 _aB869.1
_bP745b
245 0 0 _aPoesía brasileña siglo XX /
_cselección , prólogo y notas Helio Orovio.
260 _aEl Vedado, Ciudad de La Habana, Cuba :
_bCasa de las América,
_c1986.
300 _a320 p. ;
_c19 cm.
490 1 _aLa honda casa de las Américas Cuba
650 4 _aPoesía brasileña
_ySIGLO XX
_94715
650 4 _aLiteratura brasileña
_ySIGLO XX
_94716
700 1 2 _aOrovio, Helio,
_epról.
_942787
830 0 _aLa honda casa de las Américas Cuba
_966417
910 _aValidado. Control de calidad MFF
999 _c39635
_d39635